00538nam a22001697a 450000500170000001000130001702000260003003500120005603700160006808200080008410000380009224500590013024600440018926000550023327000590028830000210034720230911114451.0 aUR-12223 a9789392496820c250.00 aU-10778 bDBAD/PUBa- a841 aقادری ، ریحان احمد aشعر و شناخت /cریحان احمد قادری aSher-o-Shanakht /bby Rehan Ahmad Qadri aNew DelhibEducational Publishing Housec2021 ء  aH.o. D1/16, Ansari Road, Darya GanjbNew Delhie110002 a180 صc22cm(Hb)